[Event "Scarborough CC ch Reserves"]
[Site "Toronto CAN"]
[Date "2012.05.10"]
[Round "8"]
[White "Zotkin, Daniel"]
[Black "Verde, Pino"]
[Result "1-0"]
[WhiteElo "1747"]
[BlackElo "1568"]
[PlyCount "64"]
[GameId "2160767909510210"]
[EventDate "2012.03.22"]
[EventType "swiss"]
[EventRounds "9"]
[EventCountry "CAN"]
[SourceTitle "EXT 2022"]
[Source "ChessBase"]
[SourceDate "2021.10.06"]
[SourceVersion "1"]
[SourceVersionDate "2021.10.06"]
[SourceQuality "1"]

1. b3 e5 2. Bb2 d6 3. e3 Bf5 4. d4 Nd7 5. Nf3 e4 6. Nfd2 d5 7. c4 c6 8. Nc3 Ngf6 9. Rc1 Be7 10. cxd5 cxd5 11. Be2 h5 12. f3 a6 13. fxe4 Ng4 14. Nxd5 Nb6 15. Nc7+ Kf8 16. Bf3 Nxe3 17. Qe2 Nxg2+ 18. Qxg2 Bh4+ 19. Kd1 Rc8 20. exf5 Rxc7 21. Rxc7 Qxc7 22. Bxb7 Rh6 23. Rg1 g5 24. Ba3+ Kg8 25. Nf3 Qc3 26. Nxh4 Qa1+ 27. Kc2 Qxa2+ 28. Bb2 g4 29. Ra1 Nc4 30. Rxa2 Ne3+ 31. Kc3 Nxg2 32. Bxg2 Kf8 1-0

[Event "Scarborough CC ch Reserves"]
[Site "Toronto CAN"]
[Date "2012.05.17"]
[Round "9"]
[White "Aghamalian, Derick"]
[Black "Pishdad, Hassan"]
[Result "1-0"]
[WhiteElo "1595"]
[BlackElo "1394"]
[PlyCount "77"]
[GameId "2160767909510211"]
[EventDate "2012.03.22"]
[EventType "swiss"]
[EventRounds "9"]
[EventCountry "CAN"]
[SourceTitle "EXT 2022"]
[Source "ChessBase"]
[SourceDate "2021.10.06"]
[SourceVersion "1"]
[SourceVersionDate "2021.10.06"]
[SourceQuality "1"]

1. e4 c5 2. Nf3 e6 3. d4 Nc6 4. d5 Nd4 5. Nxd4 cxd4 6. Qxd4 Nf6 7. c4 Qb6 8. Qxb6 axb6 9. Nc3 Bc5 10. h3 Bd4 11. Bd3 d6 12. Nb5 Bxf2+ 13. Kxf2 Ke7 14. Be3 Nd7 15. Bg5+ f6 16. Bf4 e5 17. Be3 Nc5 18. Ke2 Bd7 19. Bxc5 bxc5 20. a4 Ra5 21. b3 Bxb5 22. axb5 Rha8 23. Rxa5 Rxa5 24. Kd2 Ra2+ 25. Bc2 Kd7 26. Kc3 Kc7 27. Rf1 Kd7 28. Rb1 h5 29. Rb2 Ra1 30. Bb1 g5 31. Kc2 b6 32. Ra2 Rxa2+ 33. Bxa2 h4 34. Kd3 Ke7 35. Ke3 Kf7 36. Kf3 Kg7 37. Kg4 Kg6 38. Bb1 Kf7 39. Kf5 1-0

[Event "Scarborough CC ch Reserves"]
[Site "Toronto CAN"]
[Date "2012.05.17"]
[Round "9"]
[White "Aghamalian, Leonid"]
[Black "Ugodnikov, Arkadiy"]
[Result "0-1"]
[WhiteElo "1415"]
[BlackElo "1757"]
[PlyCount "88"]
[GameId "2160767909510212"]
[EventDate "2012.03.22"]
[EventType "swiss"]
[EventRounds "9"]
[EventCountry "CAN"]
[SourceTitle "EXT 2022"]
[Source "ChessBase"]
[SourceDate "2021.10.06"]
[SourceVersion "1"]
[SourceVersionDate "2021.10.06"]
[SourceQuality "1"]

1. e4 e5 2. Nf3 Nc6 3. Bc4 Bc5 4. c3 Nf6 5. d4 exd4 6. cxd4 Bb4+ 7. Bd2 Bxd2+ 8. Nbxd2 d5 9. e5 dxc4 10. exf6 Qxf6 11. Nxc4 O-O 12. O-O Rd8 13. Re1 Be6 14. Nce5 Nxd4 15. Nxd4 c5 16. Qf3 cxd4 17. Qxf6 gxf6 18. Nd3 Bc4 19. Red1 Rac8 20. b3 Ba6 21. Nb4 Be2 22. Rd2 d3 23. f3 Rd4 24. Nxd3 Bxd3 25. Rad1 Rcd8 26. Kf2 R4d7 27. Ke3 Bf5 28. Rxd7 Rxd7 29. Rd4 Rxd4 30. Kxd4 Kf8 31. Kc5 Ke7 32. b4 Kd7 33. a4 Bc2 34. a5 Kc7 35. Kd5 Bd3 36. Kc5 b6+ 37. axb6+ axb6+ 38. Kd4 Bf5 39. Kd5 Be6+ 40. Kd4 Kd6 41. f4 Kc6 42. g3 Kb5 43. Kc3 Ka4 44. h4 h5 0-1

[Event "Scarborough CC ch Reserves"]
[Site "Toronto CAN"]
[Date "2012.05.17"]
[Round "9"]
[White "Armstrong, Robert J"]
[Black "Thornton, Bill"]
[Result "0-1"]
[WhiteElo "1683"]
[BlackElo "1500"]
[PlyCount "94"]
[GameId "2160767909510213"]
[EventDate "2012.03.22"]
[EventType "swiss"]
[EventRounds "9"]
[EventCountry "CAN"]
[SourceTitle "EXT 2022"]
[Source "ChessBase"]
[SourceDate "2021.10.06"]
[SourceVersion "1"]
[SourceVersionDate "2021.10.06"]
[SourceQuality "1"]

1. g3 d5 2. Bg2 Nf6 3. c4 e6 4. Qb3 c6 5. d3 g6 6. Bg5 Bg7 7. Nc3 O-O 8. h4 Nbd7 9. h5 h6 10. Bxf6 Nxf6 11. hxg6 fxg6 12. Nf3 Qd6 13. O-O-O d4 14. Ne4 Nxe4 15. dxe4 Kh7 16. e3 e5 17. exd4 exd4 18. Kb1 c5 19. Qd3 Qb6 20. Rh4 Bf6 21. Rh2 a5 22. Rdh1 Bg7 23. Bh3 Qf6 24. Bxc8 Qxf3 25. Qxf3 Rxf3 26. Bxb7 Raf8 27. e5 Rxf2 28. e6 d3 29. Rxf2 Rxf2 30. b3 Re2 31. Bd5 Bc3 32. Bf3 Rxe6 33. g4 Re1+ 34. Rxe1 Bxe1 35. Kc1 Kg7 36. Kd1 d2 37. Ke2 Kf6 38. Ke3 Kg5 39. Bd1 h5 40. gxh5 gxh5 41. Kf3 h4 42. Bc2 h3 43. Bd1 Kh4 44. Be2 Kg5 45. Bd1 Kf5 46. Ke3 h2 47. Bf3 h1=Q 0-1

[Event "Scarborough CC ch Reserves"]
[Site "Toronto CAN"]
[Date "2012.05.17"]
[Round "9"]
[White "Bellomo, Joe"]
[Black "Song, Eric"]
[Result "1-0"]
[WhiteElo "1533"]
[BlackElo "1601"]
[PlyCount "125"]
[GameId "2160767909510214"]
[EventDate "2012.03.22"]
[EventType "swiss"]
[EventRounds "9"]
[EventCountry "CAN"]
[SourceTitle "EXT 2022"]
[Source "ChessBase"]
[SourceDate "2021.10.06"]
[SourceVersion "1"]
[SourceVersionDate "2021.10.06"]
[SourceQuality "1"]

1. e4 e5 2. Nf3 Nc6 3. Bb5 a6 4. Ba4 Nf6 5. O-O Be7 6. Re1 b5 7. Bb3 d6 8. c3 O-O 9. h3 Na5 10. Bc2 c5 11. d3 Nd7 12. Nbd2 Bf6 13. Nf1 Bb7 14. Ne3 Nb6 15. Nh2 Bc8 16. Nhg4 Bg5 17. Nf5 Bxf5 18. exf5 Bxc1 19. Rxc1 Nd5 20. Qf3 Nf4 21. b4 cxb4 22. cxb4 Rc8 23. bxa5 Qxa5 24. Bb3 Qd2 25. Rcd1 Qc3 26. f6 Ng6 27. fxg7 e4 28. gxf8=Q+ Rxf8 29. Rxe4 Kg7 30. d4 Qxf3 31. gxf3 f5 32. Re6 fxg4 33. fxg4 d5 34. Rxg6+ hxg6 35. Re1 Kf6 36. f4 Rc8 37. Re5 Rc1+ 38. Kf2 Rc3 39. h4 a5 40. g5+ Kg7 41. Rxd5 a4 42. Rd7+ Kf8 43. Bd5 Rc2+ 44. Kg3 Rc3+ 45. Kg4 Rc2 46. Rb7 Rd2 47. Rxb5 Rxd4 48. Ra5 Kg7 49. Bc6 Kh8 50. Bxa4 Rd2 51. Bb3 Rd4 52. Ra6 Kg7 53. Rf6 Kh8 54. Rxg6 Rb4 55. Rd6 Re4 56. h5 Rb4 57. Kf5 Rb7 58. g6 Rb8 59. Kg5 Kg7 60. Rd7+ Kh8 61. Kh6 Rg8 62. Bxg8 Kxg8 63. Rd8# 1-0

[Event "Scarborough CC ch Reserves"]
[Site "Toronto CAN"]
[Date "2012.05.17"]
[Round "9"]
[White "Dattani, Dinesh"]
[Black "Guo, Tan"]
[Result "0-1"]
[WhiteElo "1359"]
[BlackElo "1636"]
[PlyCount "63"]
[GameId "2160767909510215"]
[EventDate "2012.03.22"]
[EventType "swiss"]
[EventRounds "9"]
[EventCountry "CAN"]
[SourceTitle "EXT 2022"]
[Source "ChessBase"]
[SourceDate "2021.10.06"]
[SourceVersion "1"]
[SourceVersionDate "2021.10.06"]
[SourceQuality "1"]

1. d4 d5 2. g3 Nf6 3. Bg2 e6 4. Nf3 Nbd7 5. O-O Be7 6. Nc3 O-O 7. Re1 c5 8. b3 cxd4 9. Nxd4 Nc5 10. e4 dxe4 11. b4 Ncd7 12. a3 a5 13. b5 Nc5 14. Bb2 Qc7 15. Rb1 Rd8 16. b6 Qxb6 17. Ba1 Qc7 18. Ncb5 Qb8 19. Qc1 e5 20. Nb3 Bd7 21. Nxc5 Bxc5 22. Kh1 Bxf2 23. Rd1 Bxb5 24. Rxb5 Rxd1+ 25. Qxd1 Qd8 26. Qe2 e3 27. Bc3 Qd6 28. Be1 Bxe1 29. Qxe1 Qd2 30. Rb1 Rd8 31. Bxb7 Ng4 32. Kg1 0-1

[Event "Scarborough CC ch Reserves"]
[Site "Toronto CAN"]
[Date "2012.05.17"]
[Round "9"]
[White "Fan, Yibing"]
[Black "Vyravanathan, Sobiga"]
[Result "1-0"]
[WhiteElo "1745"]
[BlackElo "1535"]
[PlyCount "120"]
[GameId "2160767909510217"]
[EventDate "2012.03.22"]
[EventType "swiss"]
[EventRounds "9"]
[EventCountry "CAN"]
[SourceTitle "EXT 2022"]
[Source "ChessBase"]
[SourceDate "2021.10.06"]
[SourceVersion "1"]
[SourceVersionDate "2021.10.06"]
[SourceQuality "1"]

1. d4 Nf6 2. c4 e6 3. Nc3 Bb4 4. e3 d5 5. Bd3 Nc6 6. Nge2 e5 7. cxd5 Nxd5 8. O-O Nxc3 9. bxc3 Bd6 10. d5 Ne7 11. e4 Ng6 12. Be3 a6 13. c4 Qe7 14. c5 Bxc5 15. Bxc5 Qxc5 16. Rc1 Qd6 17. Qc2 Qa3 18. Rfd1 O-O 19. Qxc7 Bg4 20. f3 Rac8 21. Qxb7 Rxc1 22. Nxc1 Qc5+ 23. Kf1 Bc8 24. Qb2 Qd6 25. Nb3 Qb6 26. Qd2 Nf4 27. Bc4 Qd4 28. Rc1 Bd7 29. Na5 Rc8 30. g3 Bh3+ 31. Ke1 Ng2+ 32. Kd1 Qb6 33. Nc6 Re8 34. Bb3 Ne3+ 35. Ke2 Qb5+ 36. Kxe3 Qb6+ 37. Ke2 Bd7 38. Qb4 Qxb4 39. Nxb4 a5 40. Nc6 Kf8 41. Ke3 Rc8 42. Rc5 f6 43. Ba4 Ra8 44. Rb5 g6 45. Rb7 Ke8 46. Kd3 Rc8 47. Kc4 h5 48. Kc5 g5 49. Kd6 Bxc6 50. Bxc6+ Kf8 51. Ke6 h4 52. gxh4 gxh4 53. Kxf6 Kg8 54. Kxe5 h3 55. Re7 Rb8 56. Re8+ Rxe8+ 57. Bxe8 Kf8 58. Bd7 Ke7 59. Bxh3 Ke8 60. Kd4 Ke7 1-0

[Event "Scarborough CC ch Reserves"]
[Site "Toronto CAN"]
[Date "2012.05.17"]
[Round "9"]
[White "Kurkowski, Ken"]
[Black "Graham, John"]
[Result "1/2-1/2"]
[WhiteElo "1556"]
[BlackElo "1450"]
[PlyCount "80"]
[GameId "2160767909510218"]
[EventDate "2012.03.22"]
[EventType "swiss"]
[EventRounds "9"]
[EventCountry "CAN"]
[SourceTitle "EXT 2022"]
[Source "ChessBase"]
[SourceDate "2021.10.06"]
[SourceVersion "1"]
[SourceVersionDate "2021.10.06"]
[SourceQuality "1"]

1. d4 c5 2. d5 d6 3. c4 Bd7 4. Nc3 Nf6 5. e4 e5 6. Be2 Be7 7. f4 O-O 8. Nf3 Qc7 9. O-O a6 10. fxe5 dxe5 11. Bg5 Qd6 12. Qc2 h6 13. Bh4 Re8 14. Bg3 Ng4 15. Qd2 Bd8 16. h3 Nf6 17. Nh4 Nc6 18. Nf5 Bxf5 19. Rxf5 Nd4 20. Rf2 Ba5 21. Raf1 Bxc3 22. bxc3 Nxe4 23. Qe3 Nxe2+ 24. Rxe2 Nxg3 25. Qxg3 f6 26. Ref2 Kh8 27. Qg6 Rf8 28. Rf3 Ra7 29. Qf5 Re8 30. Qg6 Rf8 31. Rg3 b5 32. cxb5 axb5 33. Rb1 Qxd5 34. Rxb5 Qc4 35. Ra5 Raf7 36. a4 Qd5 37. Ra6 Qd2 38. Rc6 e4 39. Re6 Qg5 40. Qxg5 hxg5 1/2-1/2

[Event "Scarborough CC ch Reserves"]
[Site "Toronto CAN"]
[Date "2012.05.17"]
[Round "9"]
[White "Maister, Martin"]
[Black "Liu, Jiaxin (Dora)"]
[Result "1-0"]
[WhiteElo "1729"]
[BlackElo "1520"]
[PlyCount "133"]
[GameId "2160767909510219"]
[EventDate "2012.03.22"]
[EventType "swiss"]
[EventRounds "9"]
[EventCountry "CAN"]

1. Nf3 c5 2. c4 Nc6 3. Nc3 e6 4. g3 Nge7 5. Bg2 g6 6. a3 Bg7 7. Qc2 O-O 8. O-O d5 9. cxd5 exd5 10. Rb1 Bf5 11. d3 a5 12. e4 Be6 13. exd5 Nxd5 14. Ng5 Nxc3 15. Nxe6 fxe6 16. bxc3 Rb8 17. Bxc6 bxc6 18. Be3 Qe7 19. a4 Be5 20. d4 Bd6 21. Qe4 cxd4 22. cxd4 Qd7 23. Bd2 Bc7 24. Be3 Bd6 25. Qc2 Bb4 26. Qc4 Rbc8 27. Rfd1 Qd5 28. Qxd5 cxd5 29. Rbc1 Ba3 30. Rb1 Rc4 31. Rb6 Rxa4 32. Rxe6 Bb4 33. Re5 Rf5 34. Re8+ Rf8 35. Re6 Kf7 36. Re5 Rd8 37. Rc1 Be7 38. Rc7 Ra1+ 39. Kg2 Re8 40. Bg5 a4 41. Rexe7+ Rxe7 42. Rxe7+ Kf8 43. Ra7 h5 44. h3 a3 45. Be7+ Ke8 46. Bxa3 Ra2 47. Bc5 Rxa7 48. Bxa7 Ke7 49. f4 Kf6 50. Kf3 Kf5 51. g4+ Kf6 52. gxh5 gxh5 53. Bb8 Kf5 54. Kg3 Kf6 55. Kh4 Kg6 56. Be5 Kh6 57. Bf6 Kg6 58. Bg5 Kf5 59. Kxh5 Ke4 60. Kg4 Kxd4 61. Bf6+ Kc5 62. f5 Kd6 63. Kg5 d4 64. Bxd4 Ke7 65. Kg6 Kf8 66. f6 Kg8 67. f7+ 1-0

[Event "Scarborough CC ch Reserves"]
[Site "Toronto CAN"]
[Date "2012.05.17"]
[Round "9"]
[White "Mesiti, Silvano"]
[Black "Liang, Phillip"]
[Result "0-1"]
[WhiteElo "1650"]
[BlackElo "1584"]
[PlyCount "90"]
[GameId "2160767909510220"]
[EventDate "2012.03.22"]
[EventType "swiss"]
[EventRounds "9"]
[EventCountry "CAN"]
[SourceTitle "EXT 2022"]
[Source "ChessBase"]
[SourceDate "2021.10.06"]
[SourceVersion "1"]
[SourceVersionDate "2021.10.06"]
[SourceQuality "1"]

1. e4 c5 2. Nf3 Nc6 3. Nc3 g6 4. d4 cxd4 5. Nxd4 Bg7 6. Nxc6 bxc6 7. Bd2 Rb8 8. Rb1 d6 9. Bd3 Nf6 10. O-O O-O 11. Re1 Qc7 12. h3 e5 13. Qc1 Be6 14. b3 Rbd8 15. Bh6 d5 16. Bxg7 Kxg7 17. Qb2 d4 18. Ne2 Nd7 19. Ng3 c5 20. Qc1 Nb6 21. Qg5 f6 22. Qc1 c4 23. Be2 cxb3 24. axb3 a5 25. Ra1 Ra8 26. Qb2 Rfc8 27. Bd3 a4 28. Rec1 axb3 29. Rxa8 Nxa8 30. Ne2 Qb8 31. cxb3 Rxc1+ 32. Nxc1 Nb6 33. Qc2 Kf7 34. Bc4 Nxc4 35. bxc4 Qb4 36. c5 Qc4 37. Qxc4 Bxc4 38. f3 Ke6 39. Kf2 Kd7 40. Ke1 Kc6 41. Kd2 Kxc5 42. Kc2 f5 43. exf5 gxf5 44. Kd2 Bf1 45. Nb3+ Kd5 0-1

[Event "Scarborough CC ch Reserves"]
[Site "Toronto CAN"]
[Date "2012.05.17"]
[Round "9"]
[White "Rutherdale, William"]
[Black "Smith, Maurice"]
[Result "1-0"]
[WhiteElo "1658"]
[BlackElo "1468"]
[PlyCount "75"]
[GameId "2160767909510221"]
[EventDate "2012.03.22"]
[EventType "swiss"]
[EventRounds "9"]
[EventCountry "CAN"]
[SourceTitle "EXT 2022"]
[Source "ChessBase"]
[SourceDate "2021.10.06"]
[SourceVersion "1"]
[SourceVersionDate "2021.10.06"]
[SourceQuality "1"]

1. d4 Nf6 2. Nf3 d5 3. Bf4 Bf5 4. e3 Nbd7 5. Be2 e6 6. Nbd2 c5 7. c3 Be7 8. O-O O-O 9. Ne5 Nxe5 10. Bxe5 Nd7 11. Bg3 Nf6 12. Nf3 cxd4 13. exd4 h6 14. h3 Bh7 15. Ne5 Nd7 16. Bg4 Rc8 17. Re1 Nxe5 18. Bxe5 b5 19. Re3 Bd6 20. Qf3 Bxe5 21. Rxe5 Be4 22. Qg3 Qf6 23. Re1 Rc6 24. Be2 a6 25. Bd3 Bxd3 26. Qxd3 Rfc8 27. a3 Qd8 28. f4 Qb6 29. f5 a5 30. fxe6 fxe6 31. Qg6 Qb8 32. Rxe6 Rxe6 33. Qxe6+ Kh7 34. Qxd5 Rf8 35. Re5 b4 36. Qe4+ Kh8 37. Re7 Qb5 38. Qe5 1-0

[Event "Scarborough CC ch Reserves"]
[Site "Toronto CAN"]
[Date "2012.05.17"]
[Round "9"]
[White "Super, Russell"]
[Black "Termeer, Ted"]
[Result "1/2-1/2"]
[WhiteElo "1397"]
[BlackElo "1343"]
[PlyCount "65"]
[GameId "2160767909510222"]
[EventDate "2012.03.22"]
[EventType "swiss"]
[EventRounds "9"]
[EventCountry "CAN"]
[SourceTitle "EXT 2022"]
[Source "ChessBase"]
[SourceDate "2021.10.06"]
[SourceVersion "1"]
[SourceVersionDate "2021.10.06"]
[SourceQuality "1"]

1. c4 e5 2. Nc3 Nf6 3. e3 d5 4. d4 e4 5. cxd5 Bb4 6. Bd2 Bxc3 7. Bxc3 Qxd5 8. Ne2 Bg4 9. Qc2 Nc6 10. h3 Bxe2 11. Bxe2 O-O 12. O-O Nd7 13. b3 Nb6 14. Rac1 f5 15. Bd2 Kh8 16. Qb2 h6 17. Rc5 Qe6 18. Rfc1 Kh7 19. b4 Na4 20. Rxc6 bxc6 21. Qc2 Nb6 22. a3 Rad8 23. f3 g5 24. fxe4 Qxe4 25. Bd3 Qd5 26. Rf1 Kg6 27. Bxf5+ Rxf5 28. g4 Rdf8 29. Rf2 Qd6 30. Rxf5 Qg3+ 31. Kf1 Qxh3+ 32. Ke1 Qg3+ 33. Kf1 1/2-1/2

[Event "Scarborough CC ch Reserves"]
[Site "Toronto CAN"]
[Date "2012.05.17"]
[Round "9"]
[White "Verde, Pino"]
[Black "Yie, Kevin Yi Xiao"]
[Result "1-0"]
[WhiteElo "1568"]
[BlackElo "1635"]
[PlyCount "103"]
[GameId "2160767909510223"]
[EventDate "2012.03.22"]
[EventType "swiss"]
[EventRounds "9"]
[EventCountry "CAN"]
[SourceTitle "EXT 2022"]
[Source "ChessBase"]
[SourceDate "2021.10.06"]
[SourceVersion "1"]
[SourceVersionDate "2021.10.06"]
[SourceQuality "1"]

1. Nf3 d5 2. b4 e6 3. a3 Nf6 4. Bb2 Be7 5. d3 O-O 6. Nbd2 b6 7. g3 Bb7 8. Bg2 Nbd7 9. O-O c5 10. b5 Qc7 11. Re1 Rfe8 12. e4 d4 13. Nc4 a6 14. a4 Rad8 15. Bc1 Bf8 16. Bf4 e5 17. Bg5 h6 18. Bd2 Re7 19. Nh4 Ne8 20. Nf5 Re6 21. Bh3 Rg6 22. Nh4 Rf6 23. Bxd7 Qxd7 24. Nxe5 Qh3 25. Ng4 Rfd6 26. f4 Bc8 27. f5 g5 28. Nf2 Qxh4 29. gxh4 f6 30. Qh5 Bg7 31. Ng4 axb5 32. Nxh6+ Bxh6 33. Qxh6 R8d7 34. axb5 Rg7 35. Kh1 Bb7 36. Qh5 Kf8 37. hxg5 fxg5 38. Bxg5 Nf6 39. Bxf6 Rxf6 40. Qh8+ Ke7 41. Qxg7+ Rf7 42. Qxf7+ Kxf7 43. Ra7 Kf6 44. Rxb7 c4 45. Rxb6+ Ke5 46. Re6+ Kf4 47. Kg2 c3 48. f6 Kg5 49. f7 Kh5 50. Kg3 Kg5 51. Rf1 Kh5 52. Rf5# 1-0

[Event "Scarborough CC ch Reserves"]
[Site "Toronto CAN"]
[Date "2012.05.17"]
[Round "9"]
[White "Ward, Dean"]
[Black "Thanabalachandran, Kajan"]
[Result "1-0"]
[WhiteElo "1725"]
[BlackElo "1548"]
[PlyCount "77"]
[GameId "2160767909510224"]
[EventDate "2012.03.22"]
[EventType "swiss"]
[EventRounds "9"]
[EventCountry "CAN"]
[SourceTitle "EXT 2022"]
[Source "ChessBase"]
[SourceDate "2021.10.06"]
[SourceVersion "1"]
[SourceVersionDate "2021.10.06"]
[SourceQuality "1"]

1. d4 e6 2. e4 c5 3. d5 Nf6 4. dxe6 dxe6 5. Qxd8+ Kxd8 6. Nc3 Nc6 7. Bg5 Be7 8. O-O-O+ Bd7 9. Nf3 h6 10. Bf4 Nh5 11. Be3 a6 12. Na4 Nf6 13. Nb6 Rb8 14. e5 Nd5 15. Nxd7 Kxd7 16. c4 Kc7 17. cxd5 exd5 18. Rxd5 Kb6 19. Kb1 Rbd8 20. Rxd8 Rxd8 21. Bc4 f6 22. e6 Na5 23. Rc1 Rd6 24. b4 Nxc4 25. bxc5+ Kb5 26. cxd6 Bxd6 27. Nd4+ Kb4 28. Nf5 Be5 29. Rxc4+ Kxc4 30. e7 g6 31. Nxh6 Kd3 32. e8=Q Ke2 33. Ng4 Kf1 34. Qxg6 Ke1 35. Qe4 Kf1 36. Nxe5 fxe5 37. g4 b5 38. Kc2 b4 39. Kd2 1-0

[Event "Scarborough CC ch Reserves"]
[Site "Toronto CAN"]
[Date "2012.05.17"]
[Round "9"]
[White "Zhang, John"]
[Black "Shebetah, Wajdy"]
[Result "0-1"]
[WhiteElo "1751"]
[BlackElo "2071"]
[PlyCount "96"]
[GameId "2160767909510225"]
[EventDate "2012.03.22"]
[EventType "swiss"]
[EventRounds "9"]
[EventCountry "CAN"]

1. e4 e6 2. d4 d5 3. Nc3 Nf6 4. e5 Nfd7 5. f4 c5 6. Nf3 Nc6 7. Be3 a6 8. a4 Rb8 9. Be2 Be7 10. O-O f5 11. Bf2 O-O 12. Qe1 h6 13. Rd1 Qb6 14. Qd2 Kh7 15. Kh1 Qd8 16. dxc5 Nxc5 17. Nd4 Bd7 18. Bf3 g5 19. g3 g4 20. Bg2 h5 21. Nce2 Nxa4 22. Nxc6 bxc6 23. b3 Nc5 24. Nd4 Ne4 25. Bxe4 fxe4 26. Be3 c5 27. Ne2 d4 28. Bxd4 cxd4 29. Qxd4 Bc6 30. Qc4 Bd5 31. Qxa6 Qb6 32. Qxb6 Rxb6 33. f5 e3+ 34. Kg1 Rb7 35. Rxd5 exd5 36. f6 Bxf6 37. exf6 Rbf7 38. Nc3 Rxf6 39. Rxf6 Rxf6 40. Nxd5 Rf3 41. Nf4 Kh6 42. b4 h4 43. Ne2 h3 44. b5 Rf2 45. Nf4 Rxc2 46. Kf1 Rxh2 47. Nd3 Rd2 48. Ne5 Kh5 0-1

[Event "Scarborough CC-ch Reserves U1400"]
[Site "Toronto CAN"]
[Date "2012.03.22"]
[Round "1"]
[White "Balendra, Harigaran"]
[Black "Deng, Yi"]
[Result "1-0"]
[WhiteElo "1236"]
[BlackElo "1062"]
[PlyCount "95"]
[GameId "2160767909510227"]
[EventDate "2012.03.22"]
[EventType "swiss"]
[EventRounds "9"]
[EventCountry "CAN"]
[SourceTitle "EXT 2022"]
[Source "ChessBase"]
[SourceDate "2021.10.06"]
[SourceVersion "1"]
[SourceVersionDate "2021.10.06"]
[SourceQuality "1"]

1. e4 e5 2. Nf3 Nc6 3. Bb5 d6 4. d3 Bd7 5. Be3 a6 6. Ba4 b5 7. Bb3 Nf6 8. Ng5 Be6 9. Bxe6 fxe6 10. Nxe6 Qe7 11. Ng5 h6 12. Nf3 Ng4 13. h3 Nxe3 14. fxe3 Qd8 15. O-O Be7 16. Nh2 Bg5 17. Qh5+ Kd7 18. Ng4 Rf8 19. Nc3 Nb4 20. Rf7+ Rxf7 21. Qxf7+ Kc8 22. Rc1 Qe7 23. Qf5+ Kb7 24. a3 Rf8 25. Qh7 Nc6 26. Nd5 Qf7 27. c4 Ne7 28. cxb5 Nxd5 29. bxa6+ Kxa6 30. exd5 Bxe3+ 31. Nxe3 Qf2+ 32. Kh1 Qxe3 33. Rg1 Rf7 34. Qg8 Rf2 35. Qxg7 Rxb2 36. Qxc7 Rb6 37. Qc8+ Ka5 38. Qc3+ Ka6 39. Qc8+ Rb7 40. Rb1 Qa7 41. Qc6+ Rb6 42. Qxb6+ Qxb6 43. Rxb6+ Kxb6 44. Kg1 Ka5 45. Kf2 Ka4 46. Ke3 Kxa3 47. g4 Kb4 48. Ke4 1-0

[Event "Scarborough CC-ch Reserves U1400"]
[Site "Toronto CAN"]
[Date "2012.03.22"]
[Round "1"]
[White "Guo, Thomas"]
[Black "Ming, Wenyang"]
[Result "1/2-1/2"]
[WhiteElo "1110"]
[BlackElo "1269"]
[PlyCount "106"]
[GameId "2160767909510228"]
[EventDate "2012.03.22"]
[EventType "swiss"]
[EventRounds "9"]
[EventCountry "CAN"]
[SourceTitle "EXT 2022"]
[Source "ChessBase"]
[SourceDate "2021.10.06"]
[SourceVersion "1"]
[SourceVersionDate "2021.10.06"]
[SourceQuality "1"]

1. e4 c5 2. Nf3 Nc6 3. Bb5 e6 4. Nc3 Nge7 5. d4 cxd4 6. Nxd4 g6 7. Bg5 Bg7 8. Bxc6 bxc6 9. O-O O-O 10. Qd2 Re8 11. Rad1 Qb6 12. Nb3 d5 13. Bxe7 Rxe7 14. Rfe1 Qc7 15. f4 Bb7 16. e5 f6 17. exf6 Bxf6 18. Qf2 Bxc3 19. bxc3 a5 20. a4 Rf8 21. g3 g5 22. Re5 gxf4 23. gxf4 Rf6 24. Nc5 Kf7 25. Qe2 Rxf4 26. Qh5+ Kg8 27. Rg5+ Kh8 28. Re1 Rf6 29. Qg4 Rg6 30. Rxg6 hxg6 31. Nxe6 Qc8 32. Qh4+ Rh7 33. Qf6+ Kg8 34. Qxg6+ Kh8 35. Qf6+ Kg8 36. Qd8+ Qxd8 37. Nxd8 Rg7+ 38. Kh1 Ba8 39. Re8+ Kh7 40. Ne6 Rg8 41. Rxg8 Kxg8 42. Nc7 Bb7 43. Kg2 Bc8 44. Kf3 Bf5 45. Na6 Bxc2 46. Nb8 Bxa4 47. Ke3 Kf7 48. Kd4 Ke6 49. c4 dxc4 50. Kxc4 Bb5+ 51. Kb3 Kd6 52. h4 Bd3 53. Ka4 Kc7 1/2-1/2

[Event "Scarborough CC-ch Reserves U1400"]
[Site "Toronto CAN"]
[Date "2012.03.22"]
[Round "1"]
[White "Kaneshalingam, Mathanhe"]
[Black "Sekar, Varun"]
[Result "0-1"]
[WhiteElo "1114"]
[BlackElo "1294"]
[PlyCount "82"]
[GameId "2160767909510229"]
[EventDate "2012.03.22"]
[EventType "swiss"]
[EventRounds "9"]
[EventCountry "CAN"]
[SourceTitle "EXT 2022"]
[Source "ChessBase"]
[SourceDate "2021.10.06"]
[SourceVersion "1"]
[SourceVersionDate "2021.10.06"]
[SourceQuality "1"]

1. d4 d5 2. c4 e6 3. Nc3 c5 4. e3 Nf6 5. Nf3 Nc6 6. Be2 dxc4 7. Bxc4 cxd4 8. exd4 Bb4 9. O-O O-O 10. Bg5 Be7 11. Re1 h6 12. Bxf6 Bxf6 13. Re4 a6 14. a3 Re8 15. Qd2 b5 16. Bb3 Na5 17. Ba2 Bb7 18. Rg4 Bxf3 19. gxf3 Bg5 20. Qd3 f5 21. Rg2 Rc8 22. Qxf5 Nc4 23. Bxc4 Rxc4 24. Qg4 Rxd4 25. Qg3 e5 26. h3 Qd7 27. Rb1 Bf4 28. Qg6 Rd6 29. Qg4 Qe7 30. Ne4 Rd4 31. Qg6 Rf8 32. Qxa6 Qd7 33. Nc3 Rd8 34. Kh1 Qxh3+ 35. Kg1 Qd7 36. Kh1 Qh3+ 37. Kg1 Qxf3 38. Kh1 Qh5+ 39. Kg1 Rd1+ 40. Rxd1 Rxd1+ 41. Nxd1 Qxd1# 0-1

[Event "Scarborough CC-ch Reserves U1400"]
[Site "Toronto CAN"]
[Date "2012.03.22"]
[Round "1"]
[White "Liang, Hairan"]
[Black "Lu, Leo"]
[Result "1-0"]
[WhiteElo "834"]
[BlackElo "918"]
[PlyCount "59"]
[GameId "2160767909510230"]
[EventDate "2012.03.22"]
[EventType "swiss"]
[EventRounds "9"]
[EventCountry "CAN"]
[SourceTitle "EXT 2022"]
[Source "ChessBase"]
[SourceDate "2021.10.06"]
[SourceVersion "1"]
[SourceVersionDate "2021.10.06"]
[SourceQuality "1"]

1. e4 e5 2. Nf3 Nf6 3. Nxe5 Qe7 4. Nf3 Nxe4 5. Qe2 Nf6 6. Nc3 Nc6 7. d3 d6 8. Bg5 Bg4 9. Qxe7+ Bxe7 10. h3 h6 11. hxg4 Nb4 12. O-O-O O-O 13. Bxf6 Bxf6 14. a3 Nc6 15. Nd5 Bd4 16. Nxd4 Nxd4 17. c3 c6 18. Ne7+ Kh7 19. cxd4 Rfe8 20. Nf5 Rac8 21. Nxd6 Red8 22. Nxc8 Rxc8 23. Kb1 Rd8 24. d5 Rxd5 25. d4 c5 26. Bd3+ g6 27. dxc5 Re5 28. f3 Rxc5 29. f4 f5 30. g5 1-0